Fundamentos de programación. Piensa en C
Guardat en:
| Autor principal: | |
|---|---|
| Format: | Llibre |
| Idioma: | espanyol |
| Publicat: |
Ciudad de México
Pearson Educación
2006
|
| Edició: | 1a. ed |
| Matèries: | |
| Etiquetes: |
Afegir etiqueta
Sense etiquetes, Sigues el primer a etiquetar aquest registre!
|
MARC
| LEADER | 00000nam a2200000 a 4500 | ||
|---|---|---|---|
| 001 | UCI8562 | ||
| 003 | CL-VaPUC | ||
| 008 | 080911e20060000MX |||||||||||||||||spa|d | ||
| 020 | |a 9702608104 | ||
| 082 | 0 | 4 | |a 005.133 |b CAI |2 21 |
| 100 | 0 | |a Cairó Battistutti, Osvaldo |e author |9 532073 | |
| 245 | 1 | 0 | |a Fundamentos de programación. Piensa en C |
| 250 | |a 1a. ed | ||
| 300 | |a 378 p | ||
| 942 | |c BK | ||
| 945 | |d 20080911 00:00:00 |a jtorresc | ||
| 260 | |a Ciudad de México |b Pearson Educación |c 2006 | ||
| 650 | 0 | |a Programación de computadores |9 259531 | |
| 650 | 7 | |a C LENGUAJE DE PROGRAMACION PARA COMPUTADORES |2 CL-VaPUC |9 262392 | |
| 650 | 0 | |a Proceso de datos |9 259776 | |
| 650 | 0 | |a Algoritmos |9 260639 | |
| 583 | |a last modification |c 20121207 07:51:39 |k Rodrigo Vera | ||
| 999 | |c 331398 |d 331396 | ||
| 952 | |0 0 |1 0 |2 ddc |4 0 |6 005_133000000000000_CAI_2006 |7 0 |8 A |9 417973 |a BIBING |b BIBING |c RES |d 2019-11-22 |i 4478967 |o 005.133 CAI 2006 |p 4478967 |r 2025-01-20 |w 2019-11-22 |y BK |k CCI | ||
| 952 | |0 0 |1 0 |2 ddc |4 0 |6 005_133000000000000_CAI_2006 |7 0 |8 A |9 417974 |a BIBING |b BIBING |c RES |d 2019-11-22 |i 4478975 |o 005.133 CAI 2006 |p 4478975 |r 2025-01-20 |w 2019-11-22 |y BK |k CCI | ||
| 952 | |0 0 |1 0 |2 ddc |4 0 |6 005_133000000000000_CAI_2006 |7 0 |8 A |9 417975 |a BIBING |b BIBING |c RES |d 2019-11-22 |i 4478983 |o 005.133 CAI 2006 |p 4478983 |r 2025-01-20 |w 2019-11-22 |y BK |k CCI | ||
| 952 | |0 0 |1 0 |2 ddc |4 0 |6 005_133000000000000_CAI_2006 |7 0 |8 A |9 417976 |a BIBING |b BIBING |c RES |d 2019-11-22 |i 4478991 |o 005.133 CAI 2006 |p 4478991 |r 2025-01-20 |w 2019-11-22 |y BK |k CCI | ||
| 952 | |0 0 |1 0 |2 ddc |4 0 |6 005_133000000000000_CAI_2006 |7 0 |8 A |9 417977 |a BIBING |b BIBING |c RES |d 2019-11-22 |i 4479009 |o 005.133 CAI 2006 |p 4479009 |r 2025-01-20 |w 2019-11-22 |y BK |k CCI | ||
| 952 | |0 0 |1 0 |2 ddc |4 0 |6 005_133000000000000_CAI_2006 |7 0 |8 A |9 417978 |a BIBING |b BIBING |c RES |d 2019-11-22 |i 4580044 |o 005.133 CAI 2006 |p 4580044 |r 2025-01-20 |w 2019-11-22 |y BK |k CCI | ||
| 952 | |0 0 |1 0 |2 ddc |4 0 |6 005_133000000000000_CAI_2006 |7 0 |8 A |9 417979 |a BIBING |b BIBING |c RES |d 2019-11-22 |i 4580052 |o 005.133 CAI 2006 |p 4580052 |r 2025-01-20 |w 2019-11-22 |y BK |k CCI | ||
| 952 | |0 0 |1 0 |2 ddc |4 0 |6 005_133000000000000_CAI_2006 |7 0 |8 A |9 417980 |a BIBING |b BIBING |c RES |d 2019-11-22 |i 4580060 |o 005.133 CAI 2006 |p 4580060 |r 2025-01-20 |w 2019-11-22 |y BK |k CCI | ||
| 952 | |0 0 |1 0 |2 ddc |4 0 |6 005_133000000000000_CAI_2006 |7 0 |8 A |9 417981 |a BIBING |b BIBING |c RES |d 2019-11-22 |i 4580079 |o 005.133 CAI 2006 |p 4580079 |r 2025-01-20 |w 2019-11-22 |y BK |k CCI | ||
| 952 | |0 0 |1 0 |2 ddc |4 0 |6 005_133000000000000_CAI_2006 |7 0 |8 A |9 417982 |a BIBING |b BIBING |c RES |d 2019-11-22 |i 4580087 |o 005.133 CAI 2006 |p 4580087 |r 2025-01-20 |w 2019-11-22 |y BK |k CCI | ||
| 952 | |0 0 |1 0 |2 ddc |4 0 |6 005_133000000000000_CAI_2006 |7 0 |8 A |9 417983 |a BIBING |b BIBING |c RES |d 2019-11-22 |i 467636K |o 005.133 CAI 2006 |p 467636K |r 2025-01-20 |w 2019-11-22 |y BK |k CCI | ||
| 952 | |0 0 |1 0 |2 ddc |4 0 |6 005_133000000000000_CAI_2006 |7 0 |8 A |9 417984 |a BIBING |b BIBING |c RES |d 2019-11-22 |i 4676378 |o 005.133 CAI 2006 |p 4676378 |r 2025-01-20 |w 2019-11-22 |y BK |k CCI | ||
| 952 | |0 0 |1 0 |2 ddc |4 0 |6 005_133000000000000_CAI_2006 |7 0 |8 A |9 417985 |a BIBING |b BIBING |c RES |d 2019-11-22 |i 4676386 |l 1 |o 005.133 CAI 2006 |p 4676386 |r 2025-01-20 |s 2022-11-28 |w 2019-11-22 |y BK |k CCI | ||
| 952 | |0 0 |1 0 |2 ddc |4 0 |6 005_133000000000000_CAI_2006 |7 0 |8 A |9 417986 |a BIBING |b BIBING |c RES |d 2019-11-22 |i 4676394 |o 005.133 CAI 2006 |p 4676394 |r 2025-01-20 |w 2019-11-22 |y BK |k CCI | ||
| 952 | |0 0 |1 0 |2 ddc |4 0 |6 005_133000000000000_CAI_2006 |7 0 |8 A |9 417987 |a BIBING |b BIBING |c RES |d 2019-11-22 |i 4676408 |o 005.133 CAI 2006 |p 4676408 |r 2025-01-20 |w 2019-11-22 |y BK |k CCI | ||
| 952 | |0 0 |1 0 |2 ddc |4 0 |6 005_133000000000000_CAI_2006 |7 0 |8 A |9 417988 |a BIBING |b BIBING |d 2019-11-22 |i 4676416 |o 005.133 CAI 2006 |p 4676416 |r 2025-01-20 |w 2019-11-22 |y BK |k CCI | ||
| 952 | |0 0 |1 0 |2 ddc |4 0 |6 005_133000000000000_CAI_2006 |7 0 |8 A |9 417989 |a BIBING |b BIBING |c RES |d 2019-11-22 |i 4676424 |o 005.133 CAI 2006 |p 4676424 |r 2025-01-20 |w 2019-11-22 |y BK |k CCI | ||
| 952 | |0 0 |1 0 |2 ddc |4 0 |6 005_133000000000000_CAI_2006 |7 0 |8 A |9 417990 |a BIBING |b BIBING |d 2019-11-22 |i 4676432 |o 005.133 CAI 2006 |p 4676432 |r 2025-01-20 |w 2019-11-22 |y BK |k CCI | ||
| 952 | |0 0 |1 0 |2 ddc |4 0 |6 005_133000000000000_CAI_2006 |7 0 |8 A |9 417991 |a BIBING |b BIBING |c RES |d 2019-11-22 |i 4676440 |o 005.133 CAI 2006 |p 4676440 |r 2025-01-20 |w 2019-11-22 |y BK |k CCI | ||
| 952 | |0 0 |1 0 |2 ddc |4 0 |6 005_133000000000000_CAI_2006 |7 0 |8 A |9 417992 |a BIBING |b BIBING |c RES |d 2019-11-22 |i 4676459 |o 005.133 CAI 2006 |p 4676459 |r 2025-01-20 |w 2019-11-22 |y BK |k CCI | ||
| 952 | |0 0 |1 0 |2 ddc |4 0 |6 005_133000000000000_CAI_2006 |7 0 |8 A |9 417993 |a BIBING |b BIBING |c RES |d 2019-11-22 |i 4761383 |o 005.133 CAI 2006 |p 4761383 |r 2025-01-20 |w 2019-11-22 |y BK |k CCI | ||
| 952 | |0 0 |1 0 |2 ddc |4 0 |6 005_133000000000000_CAI_2006 |7 0 |8 A |9 417994 |a BIBING |b BIBING |c RES |d 2019-11-22 |i 4761391 |o 005.133 CAI 2006 |p 4761391 |r 2025-01-20 |w 2019-11-22 |y BK |k CCI | ||
| 952 | |0 0 |1 0 |2 ddc |4 0 |6 005_133000000000000_CAI_2006 |7 0 |8 A |9 417995 |a BIBING |b BIBING |c RES |d 2019-11-22 |i 4761405 |o 005.133 CAI 2006 |p 4761405 |r 2025-01-20 |w 2019-11-22 |y BK |k CCI | ||
| 952 | |0 0 |1 0 |2 ddc |4 0 |6 005_133000000000000_CAI_2006 |7 0 |8 A |9 417996 |a BIBING |b BIBING |c RES |d 2019-11-22 |i 4761413 |o 005.133 CAI 2006 |p 4761413 |r 2025-01-20 |w 2019-11-22 |y BK |k CCI | ||
| 952 | |0 0 |1 0 |2 ddc |4 0 |6 005_133000000000000_CAI_2006 |7 0 |8 A |9 417997 |a BIBING |b BIBING |c RES |d 2019-11-22 |i 4761421 |o 005.133 CAI 2006 |p 4761421 |r 2025-01-20 |w 2019-11-22 |y BK |k CCI | ||
| 952 | |0 0 |1 0 |2 ddc |4 0 |6 005_133000000000000_CAI_2006 |7 0 |8 A |9 417998 |a BIBING |b BIBING |c RES |d 2019-11-22 |i 4769902 |o 005.133 CAI 2006 |p 4769902 |r 2025-01-20 |w 2019-11-22 |y BK |k CCI | ||
| 952 | |0 0 |1 0 |2 ddc |4 0 |6 005_133000000000000_CAI_2006 |7 0 |8 A |9 417999 |a BIBING |b BIBING |c RES |d 2019-11-22 |i 4769910 |l 1 |o 005.133 CAI 2006 |p 4769910 |r 2025-01-20 |s 2022-03-28 |w 2019-11-22 |y BK |k CCI | ||
| 952 | |0 0 |1 0 |2 ddc |4 0 |6 005_133000000000000_CAI_2006 |7 0 |8 A |9 418000 |a BIBING |b BIBING |c RES |d 2019-11-22 |i 4769929 |l 1 |o 005.133 CAI 2006 |p 4769929 |r 2025-01-20 |s 2022-03-28 |w 2019-11-22 |y BK |k CCI | ||
| 952 | |0 0 |1 0 |2 ddc |4 0 |6 005_133000000000000_CAI_2006 |7 0 |8 A |9 418001 |a BIBING |b BIBING |c RES |d 2019-11-22 |i 4769937 |o 005.133 CAI 2006 |p 4769937 |r 2025-01-20 |w 2019-11-22 |y BK |k CCI | ||
| 952 | |0 0 |1 0 |2 ddc |4 0 |6 005_133000000000000_CAI_2006 |7 0 |8 A |9 418002 |a BIBING |b BIBING |c RES |d 2019-11-22 |i 4769945 |o 005.133 CAI 2006 |p 4769945 |r 2025-01-20 |w 2019-11-22 |y BK |k CCI | ||